书目信息 |
| 题名: |
生态建筑设计指南
|
|
| 作者: | 罗芙 , 福安特 , 托马斯 著 ;吴小菁 译 | |
| 分册: | ||
| 出版信息: | 北京 电子工业出版社 2015.10 |
|
| 页数: | 34,487页 | |
| 开本: | 28cm | |
| 丛书名: | ||
| 单 册: | ||
| 中图分类: | TU201.5 | |
| 科图分类: | ||
| 主题词: | 生态建筑--建筑设计 | |
| 电子资源: | ||
| ISBN: | 978-7-121-27254-7 | |
| 000 | 01136nam0 2200277 450 | |
| 001 | 0400004898 | |
| 005 | 20171025121645.0 | |
| 010 | @a978-7-121-27254-7@dCNY188.00 | |
| 100 | @a20160109d2015 em y0chiy50 ea | |
| 101 | 1 | @achi@ceng |
| 102 | @aCN@b110000 | |
| 105 | @aa z 000yy | |
| 106 | @ar | |
| 200 | 1 | @a生态建筑设计指南@9sheng tai jian zhu she ji zhi nan@f(美)Sue Roaf,(美)Manuel Fuentes,(美)Stephanie Thomas-Rees著@g吴小菁译@zeng |
| 210 | @a北京@c电子工业出版社@d2015.10 | |
| 215 | @a34,487页@c图@d28cm | |
| 330 | @a本书讨论了实体住宅的设计和建造,包括如何定义和衡量生活质量、社区、交通、废弃物、空气、土地和水污染等。书中详细描述了气候正在如何发生变化,并且在一个化石燃料价格飞涨的时代,这些变化将如何影响建筑和城市的设计和能效。 | |
| 510 | 1 | @aEcohouse@zeng |
| 606 | 0 | @a生态建筑@x建筑设计 |
| 690 | @aTU201.5@v5 | |
| 701 | 0 | @c(英)@a罗芙@9luo fu@c(女,Roaf, Sue)@4著 |
| 701 | 0 | @c(英)@a福安特@9fu an te@c(Fuentes, Manuel)@4著 |
| 701 | 0 | @c(英)@a托马斯@9tuo ma si@c(女,Thomas, Stephanie)@4著 |
| 702 | 0 | @a吴小菁@9wu xiao jing@4译 |
| 801 | 0 | @aCN@b91MARC@c20171025 |
| 905 | @b1039817-20@dTU201.5@f4@e1355 | |
| 生态建筑设计指南/(美)Sue Roaf,(美)Manuel Fuentes,(美)Stephanie Thomas-Rees著/吴小菁译.-北京:电子工业出版社,2015.10 |
| 34,487页:图;28cm |
| ISBN 978-7-121-27254-7:CNY188.00 |
| 本书讨论了实体住宅的设计和建造,包括如何定义和衡量生活质量、社区、交通、废弃物、空气、土地和水污染等。书中详细描述了气候正在如何发生变化,并且在一个化石燃料价格飞涨的时代,这些变化将如何影响建筑和城市的设计和能效。 |
| ● |
| 相关链接 |
|
|
|
|
正题名:生态建筑设计指南
索取号:TU201.5/1355
 
预约/预借
| 序号 | 登录号 | 条形码 | 馆藏地/架位号 | 状态 | 备注 |
| 1 | 1039817 | 210398176 | 第二样本阅览室/ [索取号:TU201.5/1355] | 在馆 | |
| 2 | 1039818 | 210398185 | 密集书库-生命科学系/ [索取号:TU201.5/1355] | 在馆 | |
| 3 | 1039819 | 210398194 | 第三借阅区/ [索取号:TU201.5/1355] | 在馆 | |
| 4 | 1039820 | 210398201 | 第三借阅区/ [索取号:TU201.5/1355] | 在馆 |